Gerard Butler Filmography - Statistics

General Stats
  • This quiz has been taken 194 times
    48 since last reset
  • The average score is 40 of 84
Answer Stats
Type Year Name % Correct
Film 2007 300
90%
Film 2014 300: Rise of an Empire
90%
Film 2010 How to Train Your Dragon
80%
Film 2025 How to Train Your Dragon
80%
Film 2008 RocknRolla
80%
Film 2009 Gamer
70%
Film 2014 How to Train Your Dragon 2
70%
Film 2027 How to Train Your Dragon 2
70%
Film 2023 Kandahar
70%
Film 2011 Machine Gun Preacher
70%
Film 2008 Nim's Island
70%
Film 2007 P.S. I Love You
70%
Film 2002 Reign of Fire
70%
Film 2010 The Bounty Hunter
70%
Film 2004 The Phantom of the Opera
70%
Film 2009 The Ugly Truth
70%
Film 2003 Timeline
70%
Film 2019 Angel Has Fallen
60%
Film 2005 Beowulf & Grendel
60%
Theater 1996 Coriolanus
60%
Film 2011 Coriolanus
60%
Film 2018 Den of Thieves
60%
Film 2025 Den of Thieves: Pantera
60%
Film 2000 Dracula 2000
60%
Film 2020 Greenland
60%
Film 2003 Lara Croft Tomb Raider: The Cradle of Life
60%
Film 2009 Law Abiding Citizen
60%
Film 2016 London Has Fallen
60%
Film 1997 Mrs. Brown
60%
Film 2013 Olympus Has Fallen
60%
TV Show 2009 Saturday Night Live
60%
Film 1997 Tomorrow Never Dies
60%
Film 2007 Butterfly on a Wheel
50%
Film 2012 Chasing Mavericks
50%
Film 2021 Copshop
50%
Film 2004 Dear Frankie
50%
Film 1999 Fast Food
50%
Film 2017 Geostorm
50%
Film 2016 Gods of Egypt
50%
Film 2000 Harrison's Flowers
50%
Film 2018 Hunter Killer
50%
Film 2022 Last Seen Alive
50%
Film 1999 One More Kiss
50%
Film 2023 Plane
50%
Film 2012 Playing for Keeps
50%
Documentary 2006 Shadow Company
50%
Film 2002 Shooters
50%
Film 1998 Tale of the Mummy
50%
Film 1999 The Cherry Orchard
50%
Film 2005 The Game of Their Lives
50%
Film 2016 A Family Man
40%
Film TBA All-Star Weekend
40%
TV Show 1999 An Unsuitable Job for a Woman
40%
Web Series 2024 ARK: The Animated Series
40%
TV Mini-Series 2001 Attila
40%
Short Film 2011 Gift of the Night Fury
40%
Film TBA Greenland: Migration
40%
Film TBA Hand of Dante
40%
Film 2019 How to Train Your Dragon: The Hidden World
40%
Short Film 2001 Jewel of the Sahara
40%
TV Show 1999-2000 Lucy Sullivan Is Getting Married
40%
Film 2013 Movie 43
40%
Documentary 2011 Na Nai'a: Legend of the Dolphins
40%
Short Film 2001 Please!
40%
TV Show 2002 The Jury
40%
Film 2018 The Vanishing
40%
Documentary 2006 Wrath of Gods
40%
Film TBA Den of Thieves 3
30%
Short Film 2010 Legend of the Boneknapper Dragon
30%
TV Show 1998 The Young Person's Guide to Becoming a Rock Star
30%
Film 2010 DreamWorks How to Train Your Dragon Legends
20%
TV Short 2019 How to Train Your Dragon: Homecoming
20%
Short Film 2009 Tales of the Black Freighter
20%
Film 2024 The Night Before Christmas in Wonderland
20%
Documentary TBA Blue Zeus
10%
Commercial 2014 Hugo Boss
10%
TV Show 2025 Jeopardy!
10%
TV Film 1998 Little White Lies Part 1
10%
TV Film 1998 Little White Lies Part 2
10%
Commercial 2010 L'Oréal Men Expert
10%
Theater 1998 Snatch
10%
Theater 1999 Suddenly Last Summer
10%
Short Film 2005 Trailer for a Remake of Gore Vidal's Caligula
10%
Theater 1996 Trainspotting
10%
No matching quizzes found
Score Distribution
Percent of People with Each Score
Percentile by Number Answered
Your Score History
You have not taken this quiz since the last reset